[Event "Mittelrhein Verbandsliga Nord 1920"]
[Site "Mittelrhein"]
[Date "2019.09.29"]
[Round "1.8"]
[White "Bartl, Dirk"]
[Black "Schwarz, Alexander1111"]
[Result "1-0"]
[WhiteElo "1781"]
[BlackElo "1645"]
[PlyCount "67"]
[EventDate "2019.09.29"]
[EventType "team-tourn"]
[EventRounds "9"]
[EventCountry "GER"]
[SourceTitle "EXT 2023"]
[Source "ChessBase"]
[SourceDate "2022.10.05"]
[SourceVersion "1"]
[SourceVersionDate "2022.10.05"]
[SourceQuality "1"]
[WhiteTeam "Troisdorf"]
[BlackTeam "Hitdorf SV Springer"]
[WhiteTeamCountry "GER"]
[BlackTeamCountry "GER"]

1. e4 e6 2. Qe2 c5 3. Nf3 Nc6 4. g3 Nge7 5. Bg2 d5 6. d3 d4 7. 0-0 e5 8. Ne1 Ng6 9. Na3 Bd7 10. h4 Be7 11. h5 Nf8 12. f4 exf4 13. gxf4 Qc7 14. Nb5 Qb6 15. a4 a6 16. Na3 0-0-0 17. Nc4 Qc7 18. a5 Re8 19. Nf3 Bg4 20. Qf2 Rg8 21. Qg3 Bxh5 22. Qh3+ Ne6 23. Qxh5 Nxf4 24. Qf5+ Ne6 25. Qxf7 Ncd8 26. Qf5 Bd6 27. Bd2 Bg3 28. Nb6+ Kb8 29. Nd5 Qd6 30. Qg4 h5 31. Qg6 h4 32. Nxh4 Bxh4 33. Bf4 Nxf4 34. Qxd6+ 1-0

[Event "Mittelrhein Verbandsliga-S 17/18"]
[Site "Nordrheinwestfalen"]
[Date "2017.11.12"]
[Round "4.7"]
[White "Bartl, Dirk"]
[Black "Hack, Thomas1111"]
[Result "0-1"]
[WhiteElo "1779"]
[BlackElo "1952"]
[PlyCount "68"]
[EventDate "2017.09.10"]
[EventType "team-tourn"]
[EventRounds "11"]
[EventCountry "GER"]
[SourceTitle "EXT 2022"]
[Source "ChessBase"]
[SourceDate "2021.10.06"]
[SourceVersion "1"]
[SourceVersionDate "2021.10.06"]
[SourceQuality "1"]
[WhiteTeam "Troisdorf"]
[BlackTeam "Euskirchen Turm"]
[WhiteTeamCountry "GER"]
[BlackTeamCountry "GER"]

1. d4 g6 2. Nf3 Bg7 3. Bf4 d6 4. e3 Nf6 5. Nbd2 h6 6. h3 0-0 7. Be2 Nbd7 8. 0-0 b6 9. c3 Bb7 10. Qc2 e6 11. b4 Qe7 12. Bh2 a5 13. a3 Ra7 14. e4 e5 15. dxe5 Nxe5 16. Rfe1 Nxf3+ 17. Bxf3 Nh7 18. bxa5 Rxa5 19. e5 d5 20. e6 f5 21. Nb3 Ra7 22. Nd4 c6 23. Qb3 b5 24. Bf4 Rfa8 25. Nc2 Ng5 26. Bxg5 hxg5 27. Rad1 Bc8 28. Re2 Qd6 29. e7 Be6 30. Bxd5 cxd5 31. Qxb5 Rxe7 32. Qd3 Bf7 33. Rxe7 Qxe7 34. Re1 Qc5 0-1

[Event "Troisdorf op"]
[Site "Troisdorf"]
[Date "2002.10.29"]
[Round "1"]
[White "Schlueter, Juergen"]
[Black "Bartl, Dirk"]
[Result "0-1"]
[WhiteElo "1465"]
[BlackElo "1870"]
[PlyCount "64"]
[EventDate "2002.10.??"]
[EventType "swiss"]
[EventRounds "7"]
[EventCountry "GER"]
[SourceTitle "EXT 2005"]
[Source "ChessBase"]
[SourceDate "2004.11.15"]
[SourceVersion "1"]
[SourceVersionDate "2004.11.15"]
[SourceQuality "1"]

1. d4 d5 2. c4 e6 3. Nf3 c5 4. e3 Nf6 5. Nc3 Be7 6. b3 0-0 7. Bd3 Nc6 8. 0-0 a6 9. a3 Qc7 10. Bb2 Rd8 11. dxc5 dxc4 12. bxc4 Bxc5 13. Qc2 h6 14. Rfd1 Bd7 15. Ne2 Be7 16. Ng3 Re8 17. Ne4 e5 18. Nc3 Be6 19. Rd2 Rad8 20. Rad1 Qa5 21. Ra1 Bg4 22. Nd5 Nxd5 23. cxd5 Rxd5 24. Bc3 Qc5 25. Rad1 Kf8 26. Be4 Rxd2 27. Rxd2 Bxf3 28. Bxf3 Qxa3 29. Bxc6 bxc6 30. Bxe5 Bb4 31. Rd3 Qa5 32. Bd6+ Bxd6 0-1